Zamestnanci a priemerné mesačné mzdy za 1.-3. štvrťrok 2004

Na minha lista:
Detalhes bibliográficos
Formato: Livro
Idioma:eslovaco
Publicado em: Bratislava Štatistický úrad Slovenskej republiky 2004
Colecção:Demografia a sociálna štatistika
Tags: Adicionar Tag
Sem tags, seja o primeiro a adicionar uma tag!

MARC

LEADER 00000nam$a2200000$$$4500
001 0024133
005 20260219121549.7
041 0 |a slo 
044 |a SK 
245 1 0 |a Zamestnanci a priemerné mesačné mzdy za 1.-3. štvrťrok 2004 
264 1 |a Bratislava  |b Štatistický úrad Slovenskej republiky  |c 2004 
300 |a 72 s. 
490 1 |a Demografia a sociálna štatistika 
830 0 |a Demografia a sociálna štatistika